00947nac a22002291u 4500010001600000020002700016082002100043090001500064100003400079245021000113260005100323300002900374500001400403500001800417504003900435511002600474650004000500700003000540942002300570999001500593952010900608 a 83026514 a0313225656 (lib. bdg.)00a327.1720922bMOD c9972d9972 a20080729 00aBiographical dictionary of modern peace leaders /ceditor-in-chief, Harold Josephson ; associate editors, Sandi E. Cooper, Solomon Wank, Lawrence S. Wittner ; regional editors, Donald S. Birn ... [et al.]. aWestport, Conn. :bGreenwood Press,1985c1985. axxvii, 1133 p. ;c25 cm. aDonations aDonations:AUC aIncludes bibliographies and index. acatalogued by: wessam 0aPacifistsxBiographyxDictionaries.1 aJosephson, Harold,d1942- cNBk327.1720922MOD c9972d9972 00104070aMAINbMAINc1STd2008-07-09ePurchasel0o327.1720922MODp000013369r2025-07-15 00:00:00yNB